MLB, MLS, NBA, NFL or NHL? #4 - Statistics

General Stats
  • This quiz has been taken 460 times
  • The average score is 22 of 25
Answer Stats
Hint Answer % Correct
Los Angeles Lakers NBA
96%
New York Yankees MLB
93%
Detroit Pistons NBA
93%
Charlotte Hornets NBA
93%
Phoenix Suns NBA
93%
Inter Miami MLS
92%
Los Angeles Clippers NBA
92%
DC United MLS
91%
Indiana Pacers NBA
91%
Washington Wizards NBA
91%
Boston Red Sox MLB
90%
Sacramento Kings NBA
90%
Cincinnati Bengals NFL
89%
Washington Commanders NFL
88%
Indianapolis Colts NFL
86%
Vegas Golden Knights NHL
85%
Atlanta Braves MLB
84%
Tampa Bay Lightning NHL
83%
Calgary Flames NHL
81%
Columbus Blue Jackets NHL
80%
Dallas Stars NHL
79%
Miami Marlins MLB
78%
Minnesota Twins MLB
77%
Houston Dynamo MLS
77%
Vancouver Whitecaps MLS
65%
No matching quizzes found
Score Distribution
Percent of People with Each Score
Percentile by Number Answered
Your Score History
You have not taken this quiz